078_ Personnalités nées un 19 mars par images - Statistiques

Statistiques générales
  • Ce quiz a été pris 31 fois
  • Le résultat moyen est 2 sur 9
Statistiques - réponses
Par images Hint Réponse % Correct
Acteur Bruce Willis
97%
Producteur Harvey Weinstein
67%
Humoriste Nicole Ferroni
30%
Scientifique Frédéric Joliot-Curie
13%
Militaire Adolf Eichmann
7%
Cycliste Maëva Squiban
7%
Homme d'affaires Sakichi Toyoda
7%
Explorateur David Livingstone
3%
Acteur Kim Rae-won
0%
Aucun quiz correspondant
Distribution des résultats
% des personnes avec chaque résultat
Percentile par nombre de réponses
Votre historique - résultats
Vous n’avez pas pris ce quiz